Bibliografía de Juan Ruiz de Alarcón / (Record no. 124032)

MARC details
000 -LEADER
campo de control de longitud fija 00776nam a2200217 4500
001 - NÚMERO DE CONTROL
campo de control 124032
003 - IDENTIFICADOR DE NÚMERO DE CONTROL
campo de control ES-MaACL
005 - FECHA Y HORA DE LA ÚLTIMA TRANSACCIÓN
campo de control 20230906192313.0
007 - CAMPO FIJO DE DESCRIPCIÓN FÍSICA--INFORMACIÓN GENERAL
campo de control de longitud fija t|
008 - DATOS DE LONGITUD FIJA--INFORMACIÓN GENERAL
campo de control de longitud fija 070214s1927 mx b |||| |dspa d
100 1# - ENTRADA PRINCIPAL--NOMBRE DE PERSONA
Nombre de persona Rangel, Nicolás.
9 (RLIN) 95418
245 10 - MENCIÓN DEL TÍTULO
Título Bibliografía de Juan Ruiz de Alarcón /
Mención de responsabilidad, etc. Nicolás Rangel.
260 ## - PUBLICACIÓN, DISTRIBUCIÓN, ETC.
Lugar de publicación, distribución, etc. México :
Nombre del editor, distribuidor, etc. [s.n.],
Fecha de publicación, distribución, etc. 1927 (
Fabricante Imp. de la Secretaría de Relaciones Exteriores)
300 ## - DESCRIPCIÓN FÍSICA
Extensión 44 p. ;
Dimensiones 20 cm.
490 1# - MENCIÓN DE SERIE
Mención de serie Monografías bibliográficas mexicanas ;
Designación de volumen o secuencia 11
600 14 - PUNTO DE ACCESO ADICIONAL DE MATERIA--NOMBRE DE PERSONA
Nombre de persona Ruiz de Alarcón y Mendoza, Juan-
Subdivisión de forma Bibliografías.
9 (RLIN) 146758
710 1# - ENTRADA AGREGADA--NOMBRE DE ENTIDAD CORPORATIVA
Nombre de entidad corporativa o nombre de jurisdicción como elemento de entrada México.
Unidad subordinada Secretaría de Relaciones Exteriores.
9 (RLIN) 5710
830 0# - PUNTO DE ACCESO ADICIONAL DE SERIE-TÍTULO UNIFORME
Título uniforme Monografías bibliográficas mexicanas ;
Designación de volumen o secuencia 11
9 (RLIN) 186305
852 ## - LOCALIZACIÓN
Ubicación ES-MaACL
Número de control de estantería F-7653
Holdings
Estatus retirado Estado de pérdida Estado de daño No para préstamo Biblioteca de origen Biblioteca actual Ubicación en estantería Fecha de adquisición Fuente de adquisición Total de préstamos Signatura topográfica completa Código de barras Visto por última vez Precio de reemplazo Tipo de ítem Koha
        Biblioteca del Ateneo de Madrid Biblioteca del Ateneo de Madrid Sala Pecera Planta 2 17/01/2008     F-7653 1129220 23/02/2023 23/02/2023 Libro impreso